[Event "Prague Autumn op 1st"]
[Site "Prague"]
[Date "2021.09.26"]
[Round "4"]
[White "Agnello, Francesco Claudio"]
[Black "Bednar, Milos"]
[Result "1-0"]
[WhiteElo "2046"]
[BlackElo "1805"]
[PlyCount "49"]
[EventDate "2021.09.24"]
[EventType "swiss"]
[EventRounds "5"]
[EventCountry "CZE"]
[SourceTitle "CBM 204 Extra"]
[Source "ChessBase"]
[SourceDate "2021.11.30"]
[SourceVersion "1"]
[SourceVersionDate "2021.11.30"]
[SourceQuality "1"]

1. e4 c5 2. Nf3 Nc6 3. Bb5 g6 4. Bxc6 dxc6 5. d3 Bg7 6. h3 b6 7. 0-0 e5 8. Be3 f5 9. exf5 gxf5 10. Re1 Ne7 11. Bg5 Qd6 12. Bxe7 Kxe7 13. Nbd2 Be6 14. Qe2 c4 15. Nxe5 cxd3 16. Nxd3 Kd7 17. Rad1 Rae8 18. Qh5 b5 19. Nb3 Kc7 20. Ndc5 Bxb3 21. Rxe8 Rxe8 22. Rxd6 Re1+ 23. Kh2 Be5+ 24. g3 Bd5 25. Rxd5 1-0